| 000 | 00978cam a2200337 a 4500 | ||
|---|---|---|---|
| 001 | 1375368 | ||
| 003 | OSt | ||
| 005 | 20180116183026.0 | ||
| 008 | 820115s1980 enk 000 1 eng | ||
| 010 | _a 81127504 | ||
| 015 | _aGB80-12115 | ||
| 020 |
_a0434714127 : _c£7.95 |
||
| 040 |
_aDLC _cDLC _dDLC |
||
| 050 | 0 | 0 |
_aPR9405.9.S5 _bF34 |
| 082 | 0 | 0 |
_a813.54 SMI 1980 _219 |
| 100 | 1 | _aSmith, Wilbur A. | |
| 245 | 1 | 2 |
_aA Falcon Flies _c[by] Wilbur Smith. |
| 260 |
_aLondon : _bHeinemann, _c1980. |
||
| 300 |
_a[4], 543 p. ; _c23 cm. |
||
| 440 | _aA Falcon Flies | ||
| 650 | 0 |
_aBrothers and sisters _vFiction. |
|
| 650 | 0 |
_aWomen physicians _vFiction. |
|
| 650 | 0 |
_aExtinct cities _vFiction. |
|
| 650 | 0 |
_aSlave trade _vFiction. |
|
| 651 | 0 |
_aZimbabwe _vFiction. |
|
| 651 | 0 |
_aAfrica, Southern _vFiction. |
|
| 655 | 7 |
_aHistorical fiction. _2gsafd |
|
| 655 | 7 |
_aAdventure fiction. _2gsafd |
|
| 906 |
_a7 _bcbc _corignew _d3 _encip _f19 _gy-gencatlg |
||
| 942 |
_2ddc _cBK |
||
| 999 |
_c350817 _d350817 |
||